Nuclear-non-proliferation in India and Pakistan : (Record no. 542289)
[ view plain ]
| 000 -LEADER | |
|---|---|
| fixed length control field | 00949mam a2200241 a 4500 |
| 020 ## - INTERNATIONAL STANDARD BOOK NUMBER | |
| International Standard Book Number | 8173041539 |
| 082 00 - DEWEY DECIMAL CLASSIFICATION NUMBER | |
| Classification number | 327.1/747/0954 |
| Author Mark | CHA |
| -- | N-01, P-48 |
| 245 00 - TITLE STATEMENT | |
| Title | Nuclear-non-proliferation in India and Pakistan : |
| Remainder of title | South Asian perspectives / |
| Statement of responsibility, etc. | edited by P.R. Chari, Pervaiz Iqbal Cheema, Iftekharuzzaman. |
| 260 ## - PUBLICATION, DISTRIBUTION, ETC. | |
| Place of publication, distribution, etc. | New Delhi : |
| Name of publisher, distributor, etc. | Manohar, |
| Date of publication, distribution, etc. | 1996. |
| 300 ## - PHYSICAL DESCRIPTION | |
| Extent | 236 p. ; |
| Dimensions | 23 cm. |
| 500 ## - GENERAL NOTE | |
| General note | "Regional Centre for Strategic Studies, Colombo." |
| 520 ## - SUMMARY, ETC. | |
| Summary, etc. | Collection of essays. |
| 526 ## - STUDY PROGRAM INFORMATION NOTE | |
| Program name | 0 |
| Interest level | 0 |
| Reading level | 0 |
| Title point value | 327_174709540000000_CHA |
| 650 #0 - SUBJECT ADDED ENTRY--TOPICAL TERM | |
| Topical term or geographic name entry element | Nuclear arms control |
| Geographic subdivision | South Asia. |
| 9 (RLIN) | 12991 |
| 650 #0 - SUBJECT ADDED ENTRY--TOPICAL TERM | |
| Topical term or geographic name entry element | Nuclear nonproliferation. |
| 9 (RLIN) | 20630 |
| 650 #0 - SUBJECT ADDED ENTRY--TOPICAL TERM | |
| Topical term or geographic name entry element | Nuclear weapons |
| Geographic subdivision | India. |
| 9 (RLIN) | 37422 |
| 650 #0 - SUBJECT ADDED ENTRY--TOPICAL TERM | |
| Topical term or geographic name entry element | Nuclear weapons |
| Geographic subdivision | Pakistan. |
| 9 (RLIN) | 12988 |
| 700 0# - ADDED ENTRY--PERSONAL NAME | |
| Personal name | Iftekharuzzaman. |
| 9 (RLIN) | 37423 |
| 700 1# - ADDED ENTRY--PERSONAL NAME | |
| Personal name | Char, P. R. |
| 9 (RLIN) | 37424 |
| 700 1# - ADDED ENTRY--PERSONAL NAME | |
| Personal name | Cheema, Pervaiz Iqbal, |
| 9 (RLIN) | 37425 |
| 710 2# - ADDED ENTRY--CORPORATE NAME | |
| Corporate name or jurisdiction name as entry element | Regional Centre for Strategic Studies (Colombo, Sri Lanka) |
| 9 (RLIN) | 37426 |
| 942 ## - ADDED ENTRY ELEMENTS (KOHA) | |
| Source of classification or shelving scheme | |
| Koha item type | Book |
| Withdrawn status | Lost status | Source of classification or shelving scheme | Damaged status | Not for loan | Permanent Location | Current Location | Date acquired | Total Checkouts | Full call number | Barcode | Date last seen | Date last checked out | Copy number | Price effective from | Koha item type |
|---|---|---|---|---|---|---|---|---|---|---|---|---|---|---|---|
| Military College of Engineering (MCE) | Military College of Engineering (MCE) | 10/01/2013 | 1 | 327.1/747/0954 CHA | MCE-44659 | 04/02/2019 | 02/27/2019 | 1 | 10/01/2013 | Book |
